La Morte Del Fiume

Sparad:
Bibliografiska uppgifter
Huvudupphov: Gugliuelmo Petroni
Materialtyp: Bok
Språk:odefinierat språk
Utgiven: Arnoldo Mondastori
Taggar: Lägg till en tagg
Inga taggar, Lägg till första taggen!

MARC

LEADER 00000nam a2200000Ia 4500
001 R-534
003 CODICE-MESSINA
005 20260212102453.0
008 260211s9999 xx 000 0 und d
040 |c importazione_messina 
100 |a Gugliuelmo Petroni 
245 0 |a La Morte Del Fiume 
260 |b Arnoldo Mondastori 
942 |2 ddc  |c BK 
952 |0 0  |1 0  |2 ddc  |4 0  |6 SCAFFALE_5_000000000000000__ROMANZI  |7 0  |9 31354  |a ME  |b ME  |d 2026-02-11  |l 0  |o SCAFFALE 5 - ROMANZI  |p R-534  |r 2026-02-11 23:52:30  |w 2026-02-11  |x [REVISIONARE]  |y BK 
999 |c 27019  |d 27019